見鬼的愛情

資料類型: Book 圖書   書目號:46743

Leader xxxxxxxxxx
001 __ PCLIS00046743
005 __ 20131030164752.0008
010 0_ |a978-957-33-3017-2|b平裝|d新台幣250元
020 __ |atw|b102016151
042 __ |anbic
100 __ |a20131030d2013       y0chiy50      e
101 0_ |achi
102 __ |atw
105 __ |ay   z   000yy
200 1_ |a見鬼的愛情|e|f雷鈞著
205 __ |a
210 __ |a臺北市|c皇冠|d2013[民102]
215 0_ |a283面|c|d21公分
225 2_ |aJoy|v159
225 2_ |a皇冠叢書|v第4339種
225 2_ |a第三屆島田莊司推理小說選決選入圍作品
300 __ |a
461 _0 |12001 |aJoy|v159
461 _0 |12001 |a皇冠叢書|v第4339種
461 _0 |12001 |a第三屆島田莊司推理小說選決選入圍作品
681 __ |a857.7|b1087b
700 _1 |a|b|4702 __ |a|b|4
801 _0 |atw|b靜宜|gCCR|c20131030
詳細館藏(共 1 筆)
索 書 號登 錄 號冊次號館別 / 館藏地流通類型狀態加入預約清單電子資源
857.7 / 8460 2019287  圖書館 / 一樓普通區 可外借30天 在館   

| 條列資料




目錄查詢 分類查詢 個人資料 圖書薦購 新書查詢 閉館日 排行榜 更多電子資源 Hami書城 線上資料庫 登出

From : 216.73.217.52

  本日流通累計至 04:11:51 借閱 : 0 次 續借 : 0 次 歸還 : 0 次 預約 : 0 次 電子資源 : 0 次


內湖高中圖書館  PCLIS 版本  26.5.0.12